Geography Quiz

Random Geography or City Quiz

Illinois Counties by Region-West Quiz Stats

 Plays Quiz not verified by Sporcle

Also try: Speed Geography
Challenge
Share
Tweet
Embed
Score 0/15 Timer 12:00
0 Plays Today
Major City County % Correct
MonmouthWarren
95.7%
QuincyAdams
95.7%
JerseyvilleJersey
91.3%
MacombMcDonough
87%
Mt. SterlingBrown
82.6%
PittsfieldPike
78.3%
Golden EagleCalhoun
78.3%
WinchesterScott
78.3%
Major City County % Correct
JacksonvilleMorgan
78.3%
CarrolltonGreene
73.9%
CantonFulton
73.9%
BeardstownCass
73.9%
Big RiverHenderson
69.6%
CarnageHancock
69.6%
RushvilleSchuyler
30.4%

You're not logged in!

Compare scores with friends on all Sporcle quizzes.
Join for Free
OR
Log In

You Might Also Like...

Show Comments

Extras

Top Quizzes Today


Score Distribution

Your Account Isn't Verified!

In order to create a playlist on Sporcle, you need to verify the email address you used during registration. Go to your Sporcle Settings to finish the process.

Report this User

Report this user for behavior that violates our Community Guidelines.

Details: